| 000 | 00942cam a2200217 4500 | ||
|---|---|---|---|
| 001 | WB3839-16 | ||
| 008 | 021024n2002 000 0 eng u | ||
| 035 | _a(Sirsi) u120240 | ||
| 245 | _aStock transfer 'threat' to housing associations | ||
| 260 | _c2002 | ||
| 490 |
_aRegeneration and Renewal _v18 October 2002, 11(1) |
||
| 520 | _aReport by ratings agency, Standard & Poor claims housing associations are taking on too many responsibilities and damaging their creditworthiness. This damage could also be caused by stock transfers which are a key area of government plans to improve housing standards. For the report 'Change gives rise to growing credit risk in the UK housing sector', t +44(0)207 847 7400 | ||
| 590 | _aWB | ||
| 650 | _aHOUSING ASSOCIATIONS | ||
| 650 | _aSTANDARD & POOR | ||
| 650 | _aHOUSING TRANSFERS | ||
| 650 | _aHOUSING STANDARDS | ||
| 650 | _aRENT CONTROL | ||
| 690 | _aHOUSING-DEVELOPMENT | ||
| 942 | _n0 | ||
| 999 |
_c71431 _d71431 |
||